000
00208 a2200097 4500
001
25623
100
_a
Liepmann, H W
245
_a
Elements of gas dynamics
260
_a
_b
Wiley
_c
1967
090
_c
17319
_d
17319
942
_a
NUST-CAE
_c
M
_c
8135
999
_c
260696
_d
260696